000 01003nam a22002537a 4500
003 OSt
005 20250820103640.0
008 250708b |||||||| |||| 00| 0 eng d
020 _a9783031237485 (Paperback)
_cUSD 38.00
040 _aNUST
_beng
_cNUST
_dNUST
_erda
050 _aQB651 RUB
100 _aRubin, Alan E
_eAuthor
245 _aSurface/Volume :
_bhow geometry explains why grain elevators explode, hummingbirds hover and asteroids are colder than ice /
_cAlan E. Rubin
260 _aSwitzerland :
_bSpringer,
_c©2023 .
300 _axvii, 182 pages :
_bIllustrations ;
_c24 cm.
336 _2rdamedia
_atext
_btxt
337 _2rdamedia
_aunmediated
_bn
338 _2rdamedia
_avolume
_bnc
504 _aIncludes bibliographical references and index.
650 _vJUVENILE NONFICTION General.
650 _vPlanets, asteroids and trans-Neptunian objects Asteroids.
650 _vSpecific celestial bodies and phenomena .
942 _2lcc
_cBOOKS
_hQB651 RUB
_kQB
_mRUB
_n0
999 _c172184
_d172184